Náhrada škody

Autor vychádza z jednotlivých ustanovení Zákonníka práce. Predchádzanie škodám. Všeobecná zodpovednosť zamestnanca za škodu. Osobitná zodpovednosť zamestnanca za škodu. Zodpovednosť zamestnanca za stratu zverených predmetov. Rozsah a spôsob náhrady škody. Všeobecná zodpovednosť zamestnávateľa za ško...

Description complète

Enregistré dans:
Détails bibliographiques
Auteur principal: Indrišek, Štefan
Format: Chapitre de livre
Langue:slovaque
Sujets:
Tags: Ajouter un tag
Pas de tags, Soyez le premier à ajouter un tag!

MARC

LEADER 00000naa$a2200000$$$4500
001 0056094
005 20231013071506.2
041 0 |a slo 
044 |a SK 
245 1 0 |a Náhrada škody  |c Štefan Indrišek 
520 |a Autor vychádza z jednotlivých ustanovení Zákonníka práce. Predchádzanie škodám. Všeobecná zodpovednosť zamestnanca za škodu. Osobitná zodpovednosť zamestnanca za škodu. Zodpovednosť zamestnanca za stratu zverených predmetov. Rozsah a spôsob náhrady škody. Všeobecná zodpovednosť zamestnávateľa za škodu. Zodpovednosť zamestnávateľa za škodu na odložených veciach. Zodpovednosť zamestnávateľa pri odvracaní škody. 
610 2 0 |a škody 
610 2 0 |a náhrada škody 
610 2 0 |a zodpovednosť za škody 
610 2 0 |a zamestnávatelia 
610 2 0 |a zamestnanci 
610 2 0 |a zákonník práce 
100 1 |a Indrišek, Štefan